| 000 | 01558cam a2200385 i 4500 | ||
|---|---|---|---|
| 001 | 21873981 | ||
| 003 | EG-ScBUE | ||
| 005 | 20250224092303.0 | ||
| 008 | 210121t2024 njua f 001 0 eng d | ||
| 020 | _a9781292470641 | ||
| 020 | _a129247064X | ||
| 040 |
_aDLC _beng _erda _cDLC _dDLC _dEG-ScBUE |
||
| 082 | 0 | 4 |
_a519.5 _222 _bINT |
| 245 | 1 | 0 |
_aIntro stats / _cRichard D. De Veaux, Paul F. Velleman, David E. Bock ; with contributions from Brianna Heggeseth, and Susan Wang. |
| 250 | _aSixth edition. | ||
| 264 | 1 |
_aHoboken, NJ : _bPearson, _c[2024] |
|
| 264 | 4 | _cc2024 | |
| 300 |
_axxvii, 739 pages : _billustrations (some color) ; _c28 cm |
||
| 336 |
_atext _btxt _2rdacontent |
||
| 337 |
_aunmediated _bn _2rdamedia |
||
| 338 |
_avolume _bnc _2rdacarrier |
||
| 500 | _aIncludes index. | ||
| 500 | _aIncludes Appendices. | ||
| 520 |
_a"An introduction to Statistics using the authors' signature tools for teaching about randomness, sampling distribution models, and interference"-- _cProvided by publisher. |
||
| 650 | 0 |
_aStatistics _vTextbooks. |
|
| 700 | 1 |
_aDe Veaux, Richard D., _eauthor. |
|
| 700 | 1 |
_aVelleman, Paul F., _d1949- _eauthor. |
|
| 700 | 1 |
_aBock, David E., _eauthor. |
|
| 700 | 1 |
_aHeggeseth, Brianna, _econtributor. |
|
| 700 | 1 |
_aWang, Susan, _econtributor. |
|
| 906 |
_a7 _bcbc _corignew _d1 _eecip _f20 _gy-gencatlg |
||
| 942 |
_2ddc _cBB |
||
| 999 |
_c30915 _d30886 |
||